• 首页
  • 本馆介绍
  • 公告通知
  • 最新文献
  • 馆藏检索
  • 电子资源
  • 读者导购
  • 参考咨询
  • 我的图书馆
  • 登录
  • 详细信息显示
  • 放入我的书架
  • 预约/预借图书
  • 作者相关作品
  • 分类相关作品
  • 丛书相关作品
  • 出版社相关作品

书目信息

  • 表格格式
  • 工作单格式
  • 卡片格式
题名:
抹灰工
    
 
作者: ;北京市第一建筑工程公司 编
分册:  
出版信息: 北京   中国建筑工业出版社  1973
页数: 130页
开本: 19cm
丛书名:
单 册:
中图分类: TU65
科图分类:
主题词: 抹灰 , 砌筑机具 , 工程装修--施工机具
电子资源:
ISBN:
000 00709nam0 2200241 45
001 0177002638
005 20060516091721.78
010    @dCNY0.28
100    @a19951024d1973 em y0chiy0121 ea
101 0  @achi
102    @aCN@b110000
105    @ay z 000yy
200 10 @a抹灰工@Amo hui gong@f北京市第一建筑工程公司编@Fbei jing shi di yi jian zhu gong cheng gong si bian
210    @a北京@c中国建筑工业出版社@d1973
215    @a130页@d19cm
606    @a抹灰
606 0  @a砌筑机具
606 0  @a工程装修@x施工机具
690    @aTU65@v4
711 02 @a北京市第一建筑工程公司@Abei jing shi di yi jian zhu gong cheng gong si@4编
801  2 @aCN@bNLC@c20060516
801  0 @aCN@bTSSF
905    @a10447@dTU65@e2
    
    抹灰工/北京市第一建筑工程公司编.-北京:中国建筑工业出版社,1973
    130页;19cm
    
    
    ISBN :CNY0.28
    
●
相关链接 在E读中查询图书 在五车中查询图书 在当当中查询图书 在豆瓣中查询图书


正题名:抹灰工     索取号:TU65/2         预约/预借

序号 登录号 条形码 馆藏地/架位号 状态 备注
1 0017939   001481541   密集书库/ [索取号:TU65/2] 在馆    
唐山师范学院图书馆 欢迎您!
大连网信软件有限公司© 版权所有